00662nab a2200205 uc450000100070000000500170000700800410002403500110006503500210007604000130009704100080011010000430011824500660016165000170022765000150024465000310025965000290029070000350031977301020035489108420240201194205.0040920e20000501 spa  a891084 a(OCoLC)820295538 ccomduadb aspa10aSolle Castellanos, Miriam V.4auteaut10aPesquisaje de tuberculosis pulmonar en pacientes con VIH/sida aTuberculosis 7aSIDA2lemb aMycobacterium tuberculosis aAcciones de enfermería10aCiria Munoz, Nereida4auteaut0 tRevista Cubana de Enfermería (La Habana)gVol. 16, No. 02, Ago. 2000, p. 96-100w3813540108436